000 00984nam a2200241Ia 4500
003 GCL
008 140319s9999 xx 000 0 ara d
020 _a8201099906
040 _aGCL /
_cGCL
082 0 4 _aد
_b591.4
_bز ف
100 1 _aزيمرمان،مايكل
245 1 0 _aالفلسفة البيئية (عالم المعرفة 332 اكتوبر 2006) :
_bج1 من حقوق الحيوان الى الايكولوجيا الجذرية /
_cزيمرمان،مايكل
700 1 _aمعين شفيق رومية
260 _aالكويت :
_bالمجلس الوطنى للثقافة والفنون والاداب ،
_c2006
300 _a399 ص ؛
_c20 سم
490 _aعالم المعرفة
_v332
650 0 4 _aالحيوانات - حماية
650 0 4 _aالقسوة على الحيوانات
650 0 4 _aالحيوانات - معاملة
650 0 4 _aالحيوانات - العادات والسلوك
650 0 4 _aحقوق الحيوان
942 _2ddc
_cBK
999 _c9004
_d9004